00615nam a2200157Ia 4500008004100000100002700041245006900068245007800137260005300215260000900268300001200277650001500289856006100304999001900365952007300384170221s9999 xx 000 0 und d aNoor Ashikin Basarudin aFaculty Workload and Employment Benefits in Public Universities  cNoor Ashikin Basarudin, Asmah Laili Yeon, Nurli Yaacob, Rohana Abd Rahman bInternational Review of Management and Marketing c2016 a15 : 10 xMarketing. uhttp://www.econjournals.com/index.php/irmm/issue/view/91 c312047d312047 001040aCLbCLd2017-02-21l0r2017-02-21 00:00:00w2017-02-21yFOJ